000 00717nas a2200241 4500
001 BR9209384
003 BR-BrBNA
005 20231205093250.0
007 ta
008 230509b bl.|||p| |||| 00| 00por d
040 _aBR-BrBNA
_bpor
_cBiblioteca Nacional de Agricultura
041 _a(En)
072 _aL10
100 1 _aGallo, A.J.
100 1 _aSalceda, V.M.
245 1 _aConcealed genetic variability, limited to female sex, in natural p opulation of Drosophila melanogaster
650 _aDROSOFILA
650 _aCROMOSSOMA
650 _aSEXO
773 0 _tNaturalia (Brazil)
_xISSN 0101-1944
_g(1982), (no. 7) p. 47-51
_wBR9209384
909 _a202311
_bLúcia
_c55
_dLúcia Elande
942 _2AGRIS
_n0
_cANA
999 _c137176
_d137176